<?xml version="1.0" encoding="UTF-8"?>
<record
    xmlns:xsi="http://www.w3.org/2001/XMLSchema-instance"
    xsi:schemaLocation="http://www.loc.gov/MARC21/slim http://www.loc.gov/standards/marcxml/schema/MARC21slim.xsd"
    xmlns="http://www.loc.gov/MARC21/slim">

  <leader>00762nab a2200193uuc4500</leader>
  <controlfield tag="001">1270336</controlfield>
  <controlfield tag="005">20240202103830.0</controlfield>
  <controlfield tag="008">120127e19531201                    spa  </controlfield>
  <datafield tag="035" ind1=" " ind2=" ">
    <subfield code="a">1270336</subfield>
  </datafield>
  <datafield tag="035" ind1=" " ind2=" ">
    <subfield code="a">(OCoLC)820626524</subfield>
  </datafield>
  <datafield tag="040" ind1=" " ind2=" ">
    <subfield code="c">comduadb</subfield>
  </datafield>
  <datafield tag="041" ind1=" " ind2=" ">
    <subfield code="a">spa</subfield>
  </datafield>
  <datafield tag="245" ind1="1" ind2="0">
    <subfield code="a">Trascendental resolucon de la Asamblea General del colegio medico de Bolivar</subfield>
  </datafield>
  <datafield tag="260" ind1=" " ind2=" ">
    <subfield code="c">01-dic-1953.</subfield>
  </datafield>
  <datafield tag="650" ind1=" " ind2="0">
    <subfield code="a">Colegios m&#xE9;dicos</subfield>
    <subfield code="9">57979</subfield>
  </datafield>
  <datafield tag="650" ind1=" " ind2=" ">
    <subfield code="a">Resoluciones</subfield>
    <subfield code="9">22314</subfield>
  </datafield>
  <datafield tag="773" ind1="0" ind2=" ">
    <subfield code="t">Cl&#xED;nica Vargas (Cartagena de Indias)</subfield>
    <subfield code="g">Vol. 01, No. 01-12, Ene.-Dic. 1953 - Vol. 02, No. 13-18, Ene.-Jun., 22-24, Oct.-Dic. 1954 - Vol. 03, No. 25-35, Ene.-Nov. 1955 - Vol. 04, No. 40-42, Abr.-Jun. 1956, Vol. 01, No. 12, Dic. 1953, P. 26-27</subfield>
    <subfield code="w">1263945</subfield>
    <subfield code="0">597525</subfield>
  </datafield>
  <datafield tag="942" ind1=" " ind2=" ">
    <subfield code="c">ARIMP</subfield>
  </datafield>
  <datafield tag="999" ind1=" " ind2=" ">
    <subfield code="c">604635</subfield>
    <subfield code="d">604635</subfield>
  </datafield>
</record>
